000 00761nam a2200181Ia 4500
008 151202s9999||||xx |||||||||||||| ||und||
082 _bPNVM-79965
100 _aआर्चर जेफ्री/अनु. ठाकूर अजित.
245 _aसन्स ऑफ फॉर्च्यून.
260 _b"मेहता पब्लिशिंग हाऊस,पुणे."
260 _c2005
300 _a498
600 _aआर्चर जेफ्री/अनु. ठाकूर अजित.
630 _aसन्स ऑफ फॉर्च्यून.
700 _aआर्चर जेफ्री/अनु. ठाकूर अजित.
730 _aसन्स ऑफ फॉर्च्यून.
942 _cBOOK
999 _c1344574
_d1344571